Sports Quiz

Random Sports or Football Quiz

2009-2010 NHL East/West All-Star Rosters Quiz Stats

 Plays Quiz not verified by Sporcle

Challenge
Share
Tweet
Embed
Score 0/42 Timer 10:00
0 Plays Today
All-Star Team Player % Correct
East All-StarsSidney Crosby
89.7%
East All-StarsAlexander Ovechkin
88.9%
East All-StarsEvgeni Malkin
86.5%
East All-StarsTim Thomas
82.5%
West All-StarsPatrick Kane
82.5%
West All-StarsJonathan Toews
79.4%
East All-StarsDany Heatley
75.4%
East All-StarsZdeno Chara
75.4%
West All-StarsJoe Thornton
75.4%
West All-StarsPavel Datsyuk
75.4%
West All-StarsNicklas Lidstrom
74.6%
West All-StarsRoberto Luongo
74.6%
East All-StarsEric Staal
69%
West All-StarsNiklas Backstrom
68.3%
East All-StarsIlya Kovalchuk
65.9%
West All-StarsRyan Getzlaf
65.1%
West All-StarsJarome Iginla
64.3%
East All-StarsJeff Carter
63.5%
East All-StarsCarey Price
63.5%
West All-StarsRick Nash
62.7%
East All-StarsHenrik Lundqvist
61.1%
All-Star Team Player % Correct
East All-StarsZach Parise
58.7%
West All-StarsShea Weber
56.3%
East All-StarsVincent Lecavalier
55.6%
East All-StarsAndrei Markov
51.6%
West All-StarsShane Doan
51.6%
East All-StarsMarc Savard
47.6%
East All-StarsAlexei Kovalev
47.6%
West All-StarsDan Boyle
47.6%
East All-StarsThomas Vanek
46%
West All-StarsScott Niedermayer
43.7%
West All-StarsMike Modano
41.3%
East All-StarsJay Bouwmeester
40.5%
East All-StarsTomas Kaberle
38.1%
East All-StarsMark Streit
37.3%
West All-StarsJean-Sebastien Giguere
37.3%
West All-StarsDustin Brown
34.1%
West All-StarsMilan Hejduk
34.1%
West All-StarsBrian Campbell
31%
East All-StarsMike Komisarek
27.8%
West All-StarsSheldon Souray
27%
West All-StarsKeith Tkachuk
24.6%

You're not logged in!

Compare scores with friends on all Sporcle quizzes.
Join for Free
OR
Log In

You Might Also Like...

Show Comments

Extras

Top Quizzes Today


Score Distribution

Your Account Isn't Verified!

In order to create a playlist on Sporcle, you need to verify the email address you used during registration. Go to your Sporcle Settings to finish the process.

Report this User

Report this user for behavior that violates our Community Guidelines.

Details: